| 000 | 00533nam a22002177a 4500 | ||
|---|---|---|---|
| 001 | T027600002147 | ||
| 008 | 181111b xve|||||r|||| 00| | esp d | ||
| 020 | _aS/ISBN | ||
| 099 |
_a370 _b _cR7591 |
||
| 100 | _aRomano, Vicente. | ||
| 245 | _aLa intoxicación lingüística. El uso perverso de la lengua. | ||
| 260 | _a2011 | ||
| 300 | _a391 | ||
| 500 | _a | ||
| 650 | _aLenguaje. | ||
| 650 | _aRasgo del discurso capitalista. | ||
| 650 | _aInformación. | ||
| 650 | _aPropagandas. | ||
| 650 | _aEconomía. | ||
| 942 | _cLIB | ||
| 999 |
_c3307 _d3307 |
||